[Event "HUN-chT2 Szechenyi 1011"]
[Site "Hungary"]
[Date "2011.04.17"]
[Round "9.9"]
[White "Toth, Laszlo5555"]
[Black "Ligeti, Zoltan"]
[Result "1-0"]
[WhiteElo "1818"]
[BlackElo "1751"]
[PlyCount "127"]
[EventDate "2010.09.12"]
[EventType "team-tourn"]
[EventRounds "11"]
[EventCountry "HUN"]
[SourceTitle "EXT 2012"]
[Source "ChessBase"]
[SourceDate "2011.11.24"]
[SourceVersion "1"]
[SourceVersionDate "2011.11.24"]
[SourceQuality "1"]
[WhiteTeam "Lovo"]
[BlackTeam "FKMK"]
[WhiteTeamCountry "HUN"]
[BlackTeamCountry "HUN"]

1. d4 d5 2. c4 e6 3. Nc3 Nf6 4. Bg5 Nbd7 5. e3 Be7 6. Nf3 dxc4 7. Bxc4 Nb6 8. Bb3 Nfd5 9. Bxe7 Qxe7 10. 0-0 0-0 11. Rc1 c6 12. a3 Rd8 13. Qc2 Nd7 14. Ne2 N7f6 15. Ba2 Bd7 16. Bb1 g6 17. Qb3 Rab8 18. Ne5 Be8 19. h3 Qd6 20. Qc2 Rdc8 21. Qd2 Nd7 22. Nc4 Qf8 23. e4 N5b6 24. Ne3 Qh6 25. Rfd1 Nf6 26. Qa5 Ra8 27. Qb4 Qf8 28. Qa5 Qh6 29. Ng3 Qg7 30. Qb4 Qf8 31. Qa5 Qh6 32. Qe5 Qg7 33. Kh2 Nfd7 34. Qa5 Nf6 35. Qb4 Qf8 36. Qd2 Qg7 37. f3 Qh6 38. Nef1 Qxd2 39. Rxd2 Rd8 40. Ba2 Rac8 41. e5 Nfd5 42. Ne4 Rd7 43. b4 a6 44. a4 Nxa4 45. Bxd5 exd5 46. Nf6+ Kg7 47. Nxd7 Bxd7 48. Ne3 Nb6 49. g4 Re8 50. Kg3 f6 51. f4 Kf8 52. Rf1 Kg8 53. Kf3 h6 54. Kg3 Kg7 55. Rdf2 Re7 56. Rf3 Bc8 57. f5 gxf5 58. Rxf5 Nd7 59. e6 Nf8 60. Kf2 Kh8 61. Rc1 Kh7 62. Nxd5 Rg7 63. Nxf6+ Kh8 64. g5 1-0

[Event "HUN-chT2 Szechenyi 1011"]
[Site "Hungary"]
[Date "2011.04.10"]
[Round "8.8"]
[White "Csiszar, Albert"]
[Black "Ligeti, Zoltan"]
[Result "1-0"]
[WhiteElo "1848"]
[BlackElo "1751"]
[PlyCount "61"]
[EventDate "2010.09.12"]
[EventType "team-tourn"]
[EventRounds "11"]
[EventCountry "HUN"]
[SourceTitle "EXT 2012"]
[Source "ChessBase"]
[SourceDate "2011.11.24"]
[SourceVersion "1"]
[SourceVersionDate "2011.11.24"]
[SourceQuality "1"]
[WhiteTeam "Baki Agrocentrum"]
[BlackTeam "FKMK"]
[WhiteTeamCountry "HUN"]
[BlackTeamCountry "HUN"]

1. d4 d5 2. Bg5 Bf5 3. e3 Nd7 4. Bd3 Ngf6 5. Bxf5 e6 6. Bd3 e5 7. Bf5 exd4 8. Qxd4 Be7 9. Nc3 c6 10. Nge2 0-0 11. Bxd7 Qxd7 12. Bxf6 Bxf6 13. Qd3 Qe7 14. 0-0 Be5 15. Nd4 Rfe8 16. Nf3 Bc7 17. Rfe1 Qf6 18. e4 dxe4 19. Rxe4 Red8 20. Rd4 Bb6 21. Rxd8+ Rxd8 22. Qe2 Kf8 23. Qe5 Qg6 24. Qe4 Qh6 25. Re1 f6 26. Na4 Ba5 27. b4 Qh5 28. Qe7+ Kg8 29. bxa5 Qxa5 30. Nc5 Rf8 31. Ne6 1-0